Raising drug-free kids : 100 tips for parents / Aletha Solter.
Record details
- ISBN: 9780738210742 (pbk. : alk. paper)
- ISBN: 0738210749 (pbk. : alk. paper)
- Physical Description: xi, 223 pages ; 21 cm.
- Publisher: Cambridge, Mass. : Da Capo Press, a member of the Perseus Books Group, c2006.
Content descriptions
| Bibliography, etc. Note: | Includes bibliographical references (p. 215-220). |
| Formatted Contents Note: | Introduction -- The basics -- Birth to age 3 -- Ages 3 to 6 -- Ages 6 to 12 -- Ages 12 to 18 -- Ages 18 to 25 -- Resources. |
Search for related items by subject
| Subject: | Children > Drug use. Drug abuse > Prevention. Parenting. |
| LDR | 01160cam a22003014a 4500 | ||
|---|---|---|---|
| 001 | 130035 | ||
| 003 | CONS | ||
| 005 | 20140703073305.0 | ||
| 008 | 060608s2006 mau b 000 0 eng | ||
| 010 | . | ‡a 2006018950 | |
| 020 | . | ‡a9780738210742 (pbk. : alk. paper) | |
| 020 | . | ‡a0738210749 (pbk. : alk. paper) | |
| 035 | . | ‡a(CPomAG)LMN499936 | |
| 042 | . | ‡apcc | |
| 050 | 0 | 0. | ‡aHV5824.C45 ‡bS65 2006 |
| 082 | 0 | 0. | ‡a649/.48 ‡222 |
| 100 | 1 | . | ‡aSolter, Aletha Jauch, ‡d1945- |
| 245 | 1 | 0. | ‡aRaising drug-free kids : ‡b100 tips for parents / ‡cAletha Solter. |
| 260 | . | ‡aCambridge, Mass. : ‡bDa Capo Press, a member of the Perseus Books Group, ‡cc2006. | |
| 300 | . | ‡axi, 223 pages ; ‡c21 cm. | |
| 504 | . | ‡aIncludes bibliographical references (p. 215-220). | |
| 505 | 0 | . | ‡aIntroduction -- The basics -- Birth to age 3 -- Ages 3 to 6 -- Ages 6 to 12 -- Ages 12 to 18 -- Ages 18 to 25 -- Resources. |
| 650 | 0. | ‡aChildren ‡xDrug use. | |
| 650 | 0. | ‡aDrug abuse ‡xPrevention. | |
| 650 | 0. | ‡aParenting. | |
| 914 | . | ‡aSCP_ng | |
| 959 | . | ‡i32269000796162 ‡l649.48 Sol ‡aAdult - Nonfiction ‡tNonFiction ‡g14.00 | |
| 852 | . | ‡p32269000796162 ‡j649.48 Sol ‡gAdult - Nonfiction ‡cNonFiction ‡y14.00 ‡bSBPL | |
| 901 | . | ‡a130035 ‡bUnknown ‡c130035 ‡tbiblio | |